| 000 | 00405nam a22001577a 4500 | ||
|---|---|---|---|
| 020 | _a1840841818 | ||
| 082 |
_a641.5954 _bSHE _cN-01, P-50 |
||
| 100 |
_aShehzad Husain _944924 |
||
| 245 | _aWhat's Cooking Indian | ||
| 250 | _a1998 | ||
| 260 |
_aLondon _bDempsey Parr Clifton Bristol _c1998 |
||
| 300 | _a256 P, : | ||
| 526 |
_a0 _b0 _c0 _d641_595400000000000_SHE |
||
| 650 |
_aMCE _9379 |
||
| 942 |
_2ddc _cBK |
||
| 999 |
_c548578 _d548578 |
||